| 000 | 01327cam a2200217 4500 | ||
|---|---|---|---|
| 001 | ABS63425 | ||
| 008 | 000000n2000 000 0 eng u | ||
| 035 | _a(Sirsi) u110388 | ||
| 100 | _aBennett, P. | ||
| 245 | _aContaminated land: assessing the risk | ||
| 260 | _c2000 | ||
| 490 |
_aGEOEurope _v9(12) December 2000, 33-35(2) |
||
| 520 | _aDiscusses the impact of geographic information systems on Huntingdon District Council's attempts to identify and treat contaminated land in the light of a report from the Environment Agency which suggests that 300,000 hectares of land may be affected by industrial or natural contaminants. Geographic information systems have previously been used to overcome the difficulties associated with the need to combine data from different sources and based on different projections. At Huntingdon, however, their use has been expanded to include the mathematical modelling of the dispersion of airborne pollution and the colour coding of energy efficiency ratings for individual properties and has lead to greater efficiency and an increased level of accuracy and detail in the provision of risk ratings. | ||
| 590 | _aABS | ||
| 650 | _aGIS | ||
| 650 | _aCONTAMINATED LAND | ||
| 650 | _aRISK ASSESSMENT | ||
| 650 | _aPOLLUTION | ||
| 690 | _aENVIRONMENT-CONTAMINATION | ||
| 942 | _n0 | ||
| 999 |
_c65810 _d65810 |
||